00446nam a22001217a 4500020001800000082001600018100002000034245003800054260004100092300002400133500002000157650014700177 a9788120336308 a621.395 KUM aKumar, A. Anand aSwitching theory and logic design aNew Delhi, IndiabPHI Learningc2008 axix, 695 p.bill. ; aIncludes index. a1. Logic circuits. 2. Switching theory. 3. Integrated circuits --Large scale integration. 4. Electronic circuit design --Data processing.